| 000 | 00000nam##2200000za#4500 |
| 001 | 9.536926 |
| 003 | CaOODSP |
| 005 | 20210615084545 |
| 007 | ta |
| 008 | 150406|2002||||xxc||||| f|0| 0 eng|d |
| 020 | |a0-660-62160-6 |
| 040 | |aCaOODSP|beng |
| 041 | |aeng |
| 041 | |afre |
| 043 | |an-cn--- |
| 086 | 1 |aBT31-4/15-2002 |
| 110 | 1 |aCanada. |bTreasury Board. |
| 245 | 10|aTreasury Board of Canada Secretariat |
| 260 | |aOttawa - Ontario : |bTreasury Board of Canada Secretariat |c2002. |
| 300 | |a48p. : |borganization chart, tables ; |c28 cm. |
| 490 | 1 |aPerformance report for the period ending March 31, 2002 |
| 563 | |aSoftcover |
| 590 | |a02-46|b2002-11-15 |
| 690 | 07|aEstimates|2gcpds |
| 690 | 07|aFederal institutions|2gcpds |
| 690 | 07|aPublic accounts|2gcpds |
| 690 | 07|aPublic expenditures|2gcpds |
| 776 | 0#|tTreasury Board of Canada Secretariat, performance report for the period ending March 31, 2002 |w(CaOODSP)9.572937 |
| 776 | 0#|tSecrétariat du Conseil du Trésor du Canada, rapport sur le rendement pour la période se terminant le 31 mars 2002 |w(CaOODSP)9.603182 |
| 792 | |tSecrétariat du Conseil du Trésor du Canada |efre|w(CaOODSP)9.536927 |
| 830 | #0|aPerformance report for the period ending March 31, 2002.|w(CaOODSP)9.510738 |